000 00811cam a2200241 4500
001 WB3630-11
008 000000n2000 000 0 eng u
035 _a(Sirsi) u107467
245 _aCall for M4 belt to expand
260 _c2000
490 _aFinancial Times
_v1 August 2000, 1
490 _aTimes
_v2 August 2000, 11(2)
520 _aA panel of planning inspectors has agreed a huge expansion of up to 400,000 new homes across the south west. The demand for new homes is most intense along the M4 corridor between Bristol and Swindon - known as silicon gorge.
590 _aWB
650 _aNEW HOMES
650 _aHOUSE BUILDING
650 _aHOUSEHOLD PROJECTIONS
650 _aM4 CORRIDOR
650 _aBRISTOL
650 _aSOUTH WEST
690 _aHOUSING-DEVELOPMENT
942 _n0
999 _c64237
_d64237